| 000 | 00901nam a22001817a 4500 | ||
|---|---|---|---|
| 999 |
_c63578 _d63578 |
||
| 003 | Ge_BSU | ||
| 005 | 20251104144750.0 | ||
| 008 | 251104s1957 ge ||||| |||| 00| 0 geo d | ||
| 041 | _ageo | ||
| 080 | _a631.15 ჯ-28 | ||
| 100 |
_aჯაში, ი. _926158 |
||
| 245 |
_aსოციალისტურ სასოფლო-სამეურნეო საწარმოთა ორგანიზაცია / _cი. ჯაში; რედ. ნ. ლაჭყეპიანი. |
||
| 264 |
_aთბილისი : _bსაქ. სას.-სამ. ინ-ტის გამ-ბა, _c1957. |
||
| 300 |
_a677 გვ. ; _b24 სმ. |
||
| 653 | _aსოფლის მეურნეობის საწარმოების ორგანიზაცია | ||
| 700 |
_aლაჭყეპიანი, ნ. _eრედაქტორი _916386 |
||
| 942 |
_2udc _cᲬᲘᲒᲜᲘ |
||